书目信息 |
| 题名: |
列宁全集俄文第五版人名索引
|
|
| 作者: | ;河北大学外语系俄语翻译组 译 | |
| 分册: | ||
| 出版信息: | 北京 人民出版社 1979 |
|
| 页数: | 1023页 | |
| 开本: | 19cm | |
| 丛书名: | ||
| 单 册: | ||
| 中图分类: | A823 | |
| 科图分类: | ||
| 主题词: | 列宁著作--索引 | |
| 电子资源: | ||
| ISBN: | ||
| 000 | 00722nam0 2200241 450 | |
| 001 | 0179003761 | |
| 005 | 20100713170720.0 | |
| 010 | @dCNY2.70 | |
| 091 | @a17001.43@b精装@dCNY2.70 | |
| 100 | @a20060218d1979 em y0chiy0121 ea | |
| 101 | 0 | @achi |
| 102 | @aCN@b110000 | |
| 105 | @ay c 000yy | |
| 106 | @ar | |
| 200 | 1 | @a列宁全集俄文第五版人名索引@9Lie Ning Quan Ji E Wen Di Wu Ban Ren Ming Suo Yin @f河北大学外语系俄语翻译组译 |
| 210 | @a北京@c人民出版社@d1979 | |
| 215 | @a1023页@d19cm | |
| 306 | @a内部发行 | |
| 606 | 0 | @a列宁著作@x索引 |
| 690 | @aA823@v3 | |
| 711 | 02 | @a河北大学外语系俄语翻译组@9he bei da xue wai yu xi e yu fan yi zu@4译 |
| 801 | 0 | @aCN@bAzMarc@c20130904 |
| 905 | @dA823@e3@f1@sA823/3@S@Z | |
| 列宁全集俄文第五版人名索引/河北大学外语系俄语翻译组译.-北京:人民出版社,1979 |
| 1023页;19cm |
| ISBN :CNY2.70 |
| ● |
| 相关链接 |
|
|
|
正题名:列宁全集俄文第五版人名索引
索取号:A823/3
 
预约/预借
| 序号 | 登录号 | 条形码 | 馆藏地/架位号 | 状态 | 备注 |
| 1 | 2000032733 | 2000032733 | 特藏书库/藏001架A面3层1列/ [索取号:A823/3] | 在馆 |